STATISTICS FOR THE BIOLOGICAL SCIENCES (Record no. 583761)
[ view plain ]
| 000 -LEADER | |
|---|---|
| fixed length control field | 00267nam a22001097a 4500 |
| 082 ## - DEWEY DECIMAL CLASSIFICATION NUMBER | |
| Classification number | 519.2 SOH'S |
| 100 ## - MAIN ENTRY--PERSONAL NAME | |
| Personal name | SCHEFLER, WILIAN C |
| 9 (RLIN) | 78650 |
| 245 ## - TITLE STATEMENT | |
| Title | STATISTICS FOR THE BIOLOGICAL SCIENCES |
| 260 ## - PUBLICATION, DISTRIBUTION, ETC. | |
| Place of publication, distribution, etc. | LONDON |
| Name of publisher, distributor, etc. | ADDISON WESLEY |
| Date of publication, distribution, etc. | 1969 |
| 300 ## - PHYSICAL DESCRIPTION | |
| Extent | 231P |
| 942 ## - ADDED ENTRY ELEMENTS (KOHA) | |
| Koha item type | Book |
| Withdrawn status | Lost status | Damaged status | Not for loan | Permanent Location | Current Location | Shelving location | Date acquired | Total Checkouts | Full call number | Barcode | Date last seen | Price effective from | Koha item type |
|---|---|---|---|---|---|---|---|---|---|---|---|---|---|
| College of Electrical & Mechanical Engineering (CEME) | College of Electrical & Mechanical Engineering (CEME) | General Stacks | 06/19/2017 | 519.2 SOH'S | CEME-7990 | 06/28/2021 | 06/28/2021 | Book |
